| 000 | 00739 a2200205 4500 | ||
|---|---|---|---|
| 010 | _aENG-88563 | ||
| 020 |
_a8182201276 _c600.00 |
||
| 035 | _aEN-72096 | ||
| 037 | _bDBAD / PUB | ||
| 082 | 1 | 4 | _a305.891593 |
| 090 |
_c8909 _d8909 |
||
| 100 | 1 | _aSaha, Dipali | |
| 245 | 1 |
_aSocio-economic behaviour of Pukhtun tribe/ _cby Dipali Saha |
|
| 260 |
_aNew Delhi _bGlobal Vision Publishing House _c2006 |
||
| 270 |
_aF-4, 1st Floor, `Hari Sadan' 20, Ansari Road, Daryaganj, _bNew Delhi _e110 002 |
||
| 300 |
_avii, 282p.: _c22cm (Hb) |
||
| 500 | _aIncludes bibliographical references and index | ||
| 942 |
_adpl _cEN _k305.891593 / SAH |
||
| 999 |
_c8748 _d8748 |
||